000 00456cam a2200181ua 4500
020 _cRs 2.00
041 _aeng
_h
082 _a320.58
_bGRE/WH
100 _aGregy, Richard B .
245 _aWhich why lies hope? /
_cRichard B Gregy.
_hTextual Documents
260 _aAhmadabad :
_bNavajivan publishing house ,
_c1957.
300 _a219 ; .
365 _aRs 2.00
504 _a
650 _aGandhiana
942 _cBK
999 _c1079
_d1079